00318nam a2200121Ia 4500008004100000041000900041082002000050100002700070245004300097260004000140300000800180650000800188230718s9999 xx 000 0 und d aEng. a342.5491bNAS-C aNasir syed Muhammad UN 0aConstitution history of pak(1909-1912) aPakistanbPakistan Law digistc2019 a626 aLaw